Statistics for Top 10 Biggest Cities In Gabon

Click here to take the quiz!

General Stats

  • This quiz has been taken 55 times
  • The average score is 3 of 10

Answer Stats

RankPopulationAnswer% Correct
#1578,156Libreville
100%
#2109,163Port-Gentil
73%
#342,967Franceville
55%
#720,714Lambaréné
27%
#430,870Oyem
27%
#916,222Koulamoutou
23%
#1013,571Makokou
14%
#530,151Moanda
5%
#622,469Mouila
5%
#819,365Tchibanga
5%

Score Distribution

Percentile by Number Answered

Percent of People with Each Score

Your Score History

You have not taken this quiz